000 01565nam a2200241Ia 4500
008 0000002007 sp ad 0000000000spa00
090 _aPSP00 J67j
245 1 3 _aJorge Galindo
_b: pintura de todos los géneros
_c/ traducción Elena R. Rodríguez ; fotografías Oronoz, Cuauhtli Gutiérrez
300 _a43 p.
_c/ 28 cm.
500 _aExposición realizada en Galería Soledad Lorenzo, Madrid, mayo 22 junio 30, 2007 \ Incluye cronología del artista \ Texto blingue : español inglés \ Proyecto Ganador Programa Apoyos Concertados FGAA 2010
501 _aJorge Galindo : los préstamos y escondrijos de un inventor de imágenes = Jorge Galindo : the borrowings and burrowings of an image spinner \ Kevin Power
505 _aOBRAS : Delirio El labio del ventrilocuo Fortune teller Ventriloquos and physical phantasmagoria Ombligo del mundo, bruant a téte brune Ilusionismo rosa Banquete monocromo (ilusionista) Bodegón ornamental (la despensa de Snyders) Ultrapaisaje El mundo aparante Teint ideole (ultra) Medusa crisaora Armadillo Camaleón Cecrocia, mariposa para Dalí
600 0 0 _aGALINDO, JORGE, 1965 /
_xTRABAJOS PICTORICOS
650 1 4 _aARTE CONTEMPORANEO ESPAÑOL
650 1 4 _aARTISTAS PLASTICOS ESPAÑOLES EXPOSIONES
650 1 4 _xCATALOGOS
650 1 4 _xEXPOSICIONES
650 1 4 _aPINTORES ESPAÑOLES
650 1 4 _aPINTURA ACRILICA (ARTE)
650 1 4 _aPINTURA ESPAÑOLA
700 1 _aRodriguez, Elena R. \ Gutiérrez, Cuahtli \ Power, Kevin
999 _c11701
_d11701
260 _aMadrid : Galería Soledad Lorenzo
_c2007